| 000 | 00508nam a22001575i 4500 | ||
|---|---|---|---|
| 001 | 171709 | ||
| 003 | ES-MaACL | ||
| 005 | 20230906214715.0 | ||
| 008 | 090526s1972 sp |||| | spa d | ||
| 080 | _a821.134.2-94"19" | ||
| 100 | 1 |
_aSoler Cantó, Juan. _9140352 |
|
| 245 | 1 | 3 |
_aEl Rosel _b: visigodos, bizantinos, castellanos y aragoneses en Cartagena / _cJuan Soler Cantó. |
| 260 |
_a[Cartagena : _bAyuntamiento, _c1972] |
||
| 300 |
_a85 p., 3 lám. ; _c22 cm. |
||
| 852 |
_aES-MaACL _jC-49403 _9R.84063 |
||
| 999 |
_c171709 _d171709 |
||